000 01405cad a22002775a 4500
001 ##L133825
008 060612s2006 xxk s000 0 eng u
020 _a0755960971
035 _a(Sirsi) u133825
041 0 _aeng
050 0 4 _a333.73 $2 18
110 2 _aNatural Scotland
_94961
245 0 0 _aEnvironmental Protection Act 1990
_bPart IIA contaminated land:statutory guidance
_b edition two
_h[electronic resource]
260 _aEdinburgh
_bScottish Executive
_c2006
490 0 _aScottish Executive Paper
_vSE/2006/44
520 _aDraws attention to changes to the contaminated land regime insofar as contaminated land may be a source of pollution of the water environment. These come into force as a result of the Contaminated Land (Scotland) Regulations 2005. Promulgates revised guidance and puts the changes into context. Also provides a short summary of Scottish Executive policy in this field.
590 _aIKA200606, KA
650 2 4 _aCONTAMINATED LAND (SCOTLAND) REGULATIONS 2005
650 2 4 _aENVIRONMENTAL PROTECTION ACT 1990 PART IIA
650 2 4 _aENVIRONMENT ACT 1995 S57
651 4 _aScotland
_y1999-
690 _aPROPERTY-RURAL AND NATURAL ASSETS-LAND-CONTAMINATED LAND
710 1 _aScotland
_bScottish Executive
_94769
856 4 0 _uhttps://www.scotland.gov.uk/Publications/2006/06/05131212/0
_zView the guidance free of charge at www.scotland.gov.uk...
942 _n0
999 _c105483
_d105483